000 00549nam a22001697a 4500
003 NUST
038 _aNusrat Nadeem
082 _a200
100 _aNazar, Muhammad Luqman
_997100
245 _aDesign and Development of a Multipurpose FMCW RADAR Transceiver /
_cMuhammad Luqman Nazar
264 _aIslamabad :
_bSEECS, NUST,
_c2022.
300 _a76 p. ;
650 _aMS-Electrical Engineering
_923567
700 _aSupervisor: Dr. Nosherwan Shoaib
_996841
856 _uhttp://10.250.8.41:8080/xmlui/handle/123456789/29796
942 _2ddc
_cSC
999 _c590945
_d590945